KOHA-Header-6

Marketing Principles and Perspectives (Record no. 7144)

000 -LEADER
fixed length control field 00272nam a2200109Ia 4500
100 ## - MAIN ENTRY--AUTHOR NAME
Personal name William O Bearden
245 #0 - TITLE STATEMENT
Title Marketing Principles and Perspectives
260 ## - PUBLICATION, DISTRIBUTION, ETC. (IMPRINT)
Place of publication USA
Name of publisher Prentice
Year of publication 1995
300 ## - PHYSICAL DESCRIPTION
Number of Pages 631
942 ## - ADDED ENTRY ELEMENTS (KOHA)
Koha item type Books
Holdings
Withdrawn status Lost status Permanent Location Current Location Date acquired Full call number Accession Number Koha item type
    MAJU MAJU 2019-09-12 658.2 827 Books

Powered by Koha